|
|
|
|
| LEADER |
00000nab a2200000 a 4500 |
| 001 |
vtls000774673 |
| 003 |
SK-MaSNL |
| 005 |
20260304113727.0 |
| 008 |
250429c2001 xo 0 slo |
| 015 |
|
|
|a SNBRB2001/11-32906
|
| 035 |
|
|
|a CLN000126460
|
| 035 |
|
|
|a urn:nbn:sk:snk-ab219o
|
| 035 |
|
|
|a (urnnbn)urn:nbn:sk:snk:ar-a01ee7
|
| 035 |
|
|
|a (uuid)72d1c96d-e67f-4671-a3d8-9523a5633624
|
| 040 |
|
|
|a SNKBUCL
|b slo
|c SNKBUCL
|e AACR2
|
| 041 |
0 |
|
|a slo
|
| 044 |
|
|
|a xo
|c SK
|
| 080 |
|
|
|a 78.071.2:788.43:061.7
|2 1997
|
| 100 |
1 |
|
|a Šuška, Pavol,
|d 1973-
|4 aut
|9 465844
|
| 245 |
1 |
0 |
|a Candy Dulfer v Bratislave
|c Pavol Šuška
|
| 300 |
|
|
|b Fotogr.
|
| 600 |
1 |
7 |
|a Dulfer, Candy
|d 1969-
|x koncerty
|z Bratislava (Slovensko)
|y 2001
|2 snkbucl
|9 845518
|
| 655 |
|
7 |
|a články z novín a časopisov
|2 snkbucl
|9 267496
|
| 773 |
0 |
|
|t Hudobný život
|g Roč. 33, č. 7-8 (2001), s. 64
|x 1335-4140
|
| 850 |
|
|
|a Slovenská národná knižnica
|
| 852 |
|
|
|a Slovenská národná knižnica
|
| 954 |
|
|
|a odborná, vedecká literatúra pôvodná (slovenská)
|2 lita
|
| 958 |
|
|
|a article27
|
| 958 |
|
|
|a OND
|
| 958 |
|
|
|a NL
|
| 958 |
|
|
|a EUIPO
|
| 992 |
|
|
|a RBX
|
| 999 |
|
|
|c 2870549
|d 2872479
|